Normal view
MARC view
Entry Topical Term
001 - CONTROL NUMBER
- control field: 16798
003 - CONTROL NUMBER IDENTIFIER
- control field: BD-RjUL
005 - DATE AND TIME OF LATEST TRANSACTION
- control field: 20250907124741.0
008 - FIXED-LENGTH DATA ELEMENTS
- fixed length control field: 250907|| aca||aabn | a|a d
040 ## - CATALOGING SOURCE
- Original cataloging agency: BD-RjUL
- Transcribing agency: BD-RjUL
150 ## - HEADING--TOPICAL TERM
- Topical term or geographic name entry element: British East India Company rule
- Chronological subdivision: (18th century)
670 ## - SOURCE DATA FOUND
- Source citation: Work cat.: (BD-RjUL)85654: সিদ্দিকী, মাহবুব 11722, আঠারো শতকের ব্রিটিশ বাংলা কোম্পানির গর্ভনর ও গর্ভনর-জেনারেলদের শাসন /